Účtovné a daňové odpisy a ich vplyv na výsledok hospodárenia podniku bakalárska práca

Enregistré dans:
Détails bibliographiques
Auteur principal: Policianová, Jana
Collectivité auteur: Fakulta hospodárskej informatiky EU. Katedra účtovníctva a audítorstva
Autres auteurs: Ondrušová, Lucia, 1981-
Format: Livre
Langue:slovaque
Publié: Bratislava 2009
Tags: Ajouter un tag
Pas de tags, Soyez le premier à ajouter un tag!

MARC

LEADER 00000nam$a2200000$$$4500
001 0102161
005 20240318134948.7
041 0 |a slo 
044 |a SK 
245 1 0 |a Účtovné a daňové odpisy a ich vplyv na výsledok hospodárenia podniku  |b bakalárska práca  |c Jana Policianová ; škol. Lucia Ondrušová 
264 1 |a Bratislava  |c 2009 
300 |a 34 s. 
100 1 |a Policianová, Jana 
700 1 |a Ondrušová, Lucia, 1981- 
710 2 |a Fakulta hospodárskej informatiky EU. Katedra účtovníctva a audítorstva